Estadísticas para Países más cercanos a Benín - carrera de 15 segundos

Haz click aquí para intentar la prueba.

Estadísticas generales

  • Esta prueba ha sido intentada 19 veces
  • La puntuación promedio es 7 de 20

Estadísticas de respuestas

kmpaís% Correcto
0Níger
85%
0Togo
85%
0Nigeria
77%
668Camerún
62%
43Ghana
62%
0Burkina Faso
54%
315Côte d'Ivoire
46%
947Guinea
46%
1340Senegal
46%
997Liberia
23%
1114Chad
15%
1261Congo
15%
969Gabón
15%
326Malí
15%
735Santo Tomé y Príncipe
15%
857Mauritania
8%
733Argelia
0%
720Guinea Ecuatorial
0%
1291República
Centroafricana
0%
1232Sierra Leona
0%

Distribución de puntuación

Porcentaje por número respondido

Porcentaje de gente con cada puntuación

Historial de tus puntuaciones

No has intentado esta prueba.